000 00422nam a22001697a 4500
003 SGT
020 _a9781492597254
082 _a612.044
_bP22T
100 _aTAYLOR, ALBERT W.
245 _aPHYSIOLOGY OF EXERCISE AND HEALTY AGING
250 _a2ND
260 _aUSA
_bHUMAN KINETICS PUB
_c2022
300 _a393
650 _aSPORTS THERAPY
653 _aPHYSIOLOGY OF EXERCISE AND HEALTY AGING
942 _2ddc
_cBK
999 _c33132
_d33132